Marketing of agricultural produce / (Record no. 40529)

MARC details
000 -LEADER
fixed length control field 00774nam a22002177a 4500
005 - DATE AND TIME OF LATEST TRANSACTION
control field 20100810101138.0
010 ## - LCCN (DPL NO)
LC control number ENG-99250
020 ## - INTERNATIONAL STANDARD BOOK NUMBER
International Standard Book Number 9788190649353
Terms of availability 500.00
035 ## - SYSTEM CONTROL NUMBER
System control number EN-82782
037 ## - SOURCE OF ACQUISITION
Source of stock number/acquisition DBAD/PUB
082 ## - DEWEY DECIMAL CLASSIFICATION NUMBER
Classification number 381.41
100 ## - MAIN ENTRY--PERSONAL NAME
Personal name Pawar, Y. T.
245 ## - TITLE STATEMENT
Title Marketing of agricultural produce /
Statement of responsibility, etc by Y. T. Pawar
260 ## - PUBLICATION, DISTRIBUTION, ETC. (IMPRINT)
Place of publication, distribution, etc Kanpur
Name of publisher, distributor, etc Sahitya Sagar
Date of publication, distribution, etc 2009
270 ## - ADDRESS
Address 128/23-R, Ravindra Nagar, Yashoda Nagar
City Kanpur
Postal code 208 011
300 v# - PHYSICAL DESCRIPTION
Extent 176p.
Dimensions 22cm (Hb)
500 ## - GENERAL NOTE
General note Includes bibliographical references
650 ## - SUBJECT ADDED ENTRY--TOPICAL TERM
Topical term or geographic name as entry element Farm produce marketing
942 ## - ADDED ENTRY ELEMENTS (KOHA)
Source of classification or shelving scheme Dewey Decimal Classification
Item type English Books
Classification part 381.41
Call number suffix PAW
Holdings
Withdrawn status Lost status Not for loan Collection code Home library Current library Date acquired Source of acquisition Cost, normal purchase price Full call number Barcode Copy number Cost, replacement price Koha item type
    Not For Loan Non-fiction D.B.Act.Division D.B.Act.Division 10/08/2010 DBAD/PUB 500.00 381.41 PAW EN-82782 1 500.00 English Books

© Delhi Public Library
Hit Counter
free hit counter